Agentovo-orientované softvérové inžinierstvo diplomová práca

Enregistré dans:
Détails bibliographiques
Auteur principal: Vitališová, Ivana
Collectivité auteur: Fakulta hospodárskej informatiky EU. Katedra aplikovanej informatiky
Autres auteurs: Rakovská, Eva, 1963-
Format: Livre
Langue:slovaque
Publié: Bratislava 2017
Tags: Ajouter un tag
Pas de tags, Soyez le premier à ajouter un tag!

MARC

LEADER 00000nbm a2200000 4500
001 0233003
005 20180413101441.4
041 0 |a slo 
044 |a SK 
245 1 0 |a Agentovo-orientované softvérové inžinierstvo  |b diplomová práca  |c Ivana Vitališová ; školiteľ: Eva Rakovská 
264 1 |a Bratislava  |c 2017 
300 |a 61 s. 
100 1 |a Vitališová, Ivana 
700 1 |a Rakovská, Eva, 1963- 
710 2 |a Fakulta hospodárskej informatiky EU. Katedra aplikovanej informatiky